Price Determination and Prices Policy

Na minha lista:
Detalhes bibliográficos
Autor principal: Mitchell, Joan
Formato: Livro
Idioma:inglês
Publicado em: London Allen and Unwin 1978
Edição:1. ed.
Tags: Adicionar Tag
Sem tags, seja o primeiro a adicionar uma tag!

MARC

LEADER 00000nam a2200000 4500
001 c028790
005 20250609131349.5
041 0 |a eng 
044 |a GB 
245 1 0 |a Price Determination and Prices Policy  |c Joan Mitchell 
250 |a 1. ed. 
264 1 |a London  |b Allen and Unwin  |c 1978 
300 |a 215 s. 
100 1 |a Mitchell, Joan